000 00529cam a2200193ua 4500
001 9773
008 160826n ii |||gr||||Z||||||asm
040 _cMAIN
041 _aasm
082 _a500
100 _aGogoi, Pradip Kumar,
_eAuthor.
245 _aDainandin jibanat bigyan
_cBy Pradip Kumar Gogoi
250 _a1st ed.
260 _aDibrugarh:
_bReception committee, 66th session of Assam Sahitya Sabha,
_c2001.
300 _a127p.
653 _aNatural sciences & mathematics
653 _aPopular science
942 _cBK
999 _c8783
_d8783